[Event "Rated Blitz game"]
[Site "?"]
[Date "2021.10.19"]
[Round "?"]
[White "MaxxC2"]
[Black "Annali-annaliew1979"]
[Result "0-1"]
[WhiteElo "2525"]
[BlackElo "2433"]
[PlyCount "93"]
[EventDate "2021.??.??"]
[EventType "blitz"]

1. e4 e5 2. Nf3 d5 3. exd5 e4 4. Qe2 f5 5. d3 Nf6 6. Nc3 Bb4 7. Bd2 Bxc3 8.
Bxc3 O-O 9. Bxf6 Qxf6 10. dxe4 fxe4 11. Qxe4 Qxb2 12. Qd4 Qxc2 13. Bd3 Re8+ 14.
Kf1 c5 15. Qxg7+ Kxg7 16. Bxc2 Bg4 17. Rd1 Nd7 18. Ba4 Rad8 19. Rd3 a6 20. Bxd7
Rxd7 21. h3 Bh5 22. h4 b5 23. Rh3 b4 24. Rg3+ Kh8 25. Rg5 Bg6 26. Rd2 c4 27.
Ne5 Rxe5 28. Rxe5 c3 29. Rd1 a5 30. h5 Bf7 31. h6 a4 32. d6 Kg8 33. Re7 Rd8 34.
Rb7 b3 35. axb3 axb3 36. d7 c2 37. Rc1 Bc4+ 38. Ke1 Rxd7 39. Rxd7 b2 40. Kd2
b1=Q 41. Rxc2 Qb4+ 42. Ke3 Qe1+ 43. Kf3 Qe6 44. Rcd2 Bb5 45. Rg7+ Kf8 46. Rd8+
Be8 47. Rf7+ {Normal} 0-1

[Event "Rated Blitz tournament Y5xC5pVX"]
[Site "?"]
[Date "2021.10.19"]
[Round "?"]
[White "Dimon_88"]
[Black "rizkyezzar"]
[Result "1/2-1/2"]
[WhiteElo "2390"]
[BlackElo "2402"]
[PlyCount "184"]
[EventDate "2021.??.??"]
[EventType "blitz"]

1. e4 e5 2. Nf3 d5 3. Nxe5 Bd6 4. d4 dxe4 5. Bc4 Bxe5 6. dxe5 Qxd1+ 7. Kxd1 Nc6
8. Bd5 Bg4+ 9. f3 exf3 10. gxf3 O-O-O 11. c4 Bxf3+ 12. Kc2 Nb4+ 13. Kb3 Nxd5
14. Rf1 Be2 15. Rf2 Bd1+ 16. Ka3 Nb6 17. Nd2 Ne7 18. Rxf7 Nc6 19. e6 Rhe8 20.
Rxg7 Bc2 21. b3 Rxe6 22. Nf3 Bg6 23. Bf4 Re7 24. Rxe7 Nxe7 25. Bg5 Rf8 26. Nd4
Nc6 27. Ne6 Re8 28. Nf4 a5 29. Nxg6 hxg6 30. Rd1 Re2 31. h4 Kb8 32. c5 Nb4 33.
Rd2 Rxd2 34. Bxd2 N6d5 35. Ka4 b6 36. a3 Nd3 37. cxb6 cxb6 38. Kb5 Kb7 39. Kc4
N3f4 40. Kd4 Kc6 41. Ke5 Ng2 42. Bg5 b5 43. Ke6 b4 44. axb4 axb4 45. Kf7 Ndf4
46. Kf6 Kd5 47. Bh6 Ke4 48. Kg5 Ne3 49. Bf8 Ned5 50. Bd6 Ng2 51. Kxg6 Nxh4+ 52.
Kh5 Nf5 53. Bxb4 Nxb4 54. Kg5 Nd4 55. Kf6 Nxb3 56. Ke6 Kd4 57. Kd6 Kc4 58. Ke6
Nc5+ 59. Kf5 Nbd3 60. Kf6 Kd5 61. Ke7 Ne5 62. Kd8 Kc6 63. Ke8 Kd6 64. Kd8 Nb7+
65. Kc8 Kc6 66. Kb8 Nd7+ 67. Kc8 Ndc5 68. Kb8 Kb6 69. Kc8 Kc6 70. Kb8 Kd7 71.
Ka7 Kc7 72. Ka8 Nd6 73. Ka7 Nc8+ 74. Ka8 Ne7 75. Ka7 Nd5 76. Ka8 Nb4 77. Ka7
Nc6+ 78. Ka8 Na5 79. Ka7 Nab3 80. Ka8 Nd2 81. Ka7 Nde4 82. Ka8 Nd6 83. Ka7 Ne8
84. Ka8 Ng7 85. Ka7 Nge6 86. Ka8 Nd8 87. Ka7 Nc6+ 88. Ka8 Na5 89. Ka7 Nab3 90.
Ka8 Nd4 91. Ka7 Nb5+ 92. Ka8 Nd6 {Normal} 1/2-1/2

[Event "Rated Blitz game"]
[Site "?"]
[Date "2021.10.19"]
[Round "?"]
[White "Bigler"]
[Black "elrond"]
[Result "0-1"]
[WhiteElo "2331"]
[BlackElo "2476"]
[PlyCount "82"]
[EventDate "2021.??.??"]
[EventType "blitz"]

1. e4 e5 2. Nf3 d5 3. exd5 e4 4. Nd4 Qxd5 5. Nb3 Nf6 6. Nc3 Qe5 7. Be2 Bd6 8.
d4 exd3 9. Qxd3 O-O 10. Be3 Nc6 11. a3 Bf5 12. Qd2 Rad8 13. O-O-O Bxa3 14. Bd4
Nxd4 15. Nxd4 Bc5 16. Nf3 Rxd2 17. Nxe5 Rxc2+ 18. Kb1 Rxc3+ 19. Ka1 Rc2 20. Bf3
c6 21. g4 Be6 22. g5 Nd5 23. Bxd5 Bxd5 24. Rhf1 Rxf2 25. Nd7 Rxf1 26. Rxf1 Bd4
27. Nxf8 Kxf8 28. Rf4 c5 29. Rh4 Kg8 30. Kb1 b5 31. b4 Bc4 32. bxc5 Bxc5 33.
Kc2 a5 34. Re4 g6 35. h4 Kg7 36. Re8 h6 37. Ra8 a4 38. Kc3 Be3 39. Re8 Bf2 40.
Re7 Bxh4 41. gxh6+ Kxh6 {Normal} 0-1

[Event "Rated Blitz game"]
[Site "?"]
[Date "2021.10.19"]
[Round "?"]
[White "nodi21"]
[Black "Tristan2020"]
[Result "1-0"]
[WhiteElo "2443"]
[BlackElo "2375"]
[PlyCount "59"]
[EventDate "2021.??.??"]
[EventType "blitz"]

1. e4 e5 2. Nf3 d5 3. exd5 e4 4. Qe2 Nf6 5. Ng5 Qxd5 6. d3 Be7 7. Nc3 Qa5 8.
Ngxe4 O-O 9. Bd2 Nxe4 10. Nxe4 Qb6 11. O-O-O Nc6 12. Bc3 Bf5 13. g4 Bxe4 14.
dxe4 Nb4 15. Kb1 c5 16. f4 Rad8 17. Bg2 Nc6 18. g5 Nd4 19. Qf2 f6 20. h4 Nb5
21. Qg3 Na3+ 22. Kc1 Nc4 23. e5 fxe5 24. Bd5+ Kh8 25. Bxc4 exf4 26. Qf3 Rd4 27.
Bxd4 cxd4 28. Qe4 Bc5 29. Bd3 g6 30. Qe5+ {Time forfeit} 1-0

[Event "Rated Blitz game"]
[Site "?"]
[Date "2021.10.19"]
[Round "?"]
[White "Kurapika06"]
[Black "rofaidah"]
[Result "1-0"]
[WhiteElo "2404"]
[BlackElo "2441"]
[PlyCount "109"]
[EventDate "2021.??.??"]
[EventType "blitz"]

1. e4 e5 2. Nf3 d5 3. exd5 e4 4. Nd4 Qxd5 5. Nb3 Bd6 6. Nc3 Qe5 7. Qe2 Nf6 8.
d3 Bg4 9. Qe3 exd3 10. Qxe5+ Bxe5 11. Bxd3 O-O 12. Bd2 Nc6 13. O-O Rad8 14.
Rfe1 a6 15. h3 Bh5 16. Bg5 Bxc3 17. bxc3 Rd6 18. Nc5 Rb8 19. Bf4 Rd5 20. Nb3
Rc8 21. c4 Rdd8 22. Bf5 Ra8 23. Bxc7 Re8 24. Nc5 b5 25. cxb5 axb5 26. Nd7 Bg6
27. Nxf6+ gxf6 28. Bd7 Rxe1+ 29. Rxe1 Nd4 30. c3 Ra7 31. Re8+ Kg7 32. Bd6 Ne6
33. Bxb5 Rxa2 34. Re7 Rd2 35. Bb4 Bd3 36. Be8 Ng5 37. Rd7 Rd1+ 38. Kh2 Re1 39.
Rd8 Bf5 40. Bc6 Ne6 41. Re8 Rc1 42. Bd5 h5 43. Bxe6 Bxe6 44. Bf8+ Kg6 45. Rc8
Bxc8 46. Bb4 Bd7 47. g3 Bc6 48. g4 Bb5 49. Kg3 hxg4 50. hxg4 Bd7 51. f4 Rxc3+
52. Bxc3 Kg7 53. f5 Kg8 54. Kf4 Be8 55. g5 {Time forfeit} 1-0

[Event "Rated Blitz game"]
[Site "?"]
[Date "2021.10.19"]
[Round "?"]
[White "batman366"]
[Black "sillierchess"]
[Result "0-1"]
[WhiteElo "2281"]
[BlackElo "2448"]
[PlyCount "98"]
[EventDate "2021.??.??"]
[EventType "blitz"]

1. e4 e5 2. Nf3 d5 3. Nxe5 Bd6 4. d4 dxe4 5. Nc4 h6 6. Be2 Nc6 7. Be3 f5 8.
Nxd6+ Qxd6 9. Nc3 Nf6 10. Nb5 Qd8 11. Bh5+ Kf8 12. Bg6 a6 13. Nc3 Qd6 14. Qd2
Be6 15. O-O-O Nd5 16. g3 b5 17. Kb1 b4 18. Nxd5 Qxd5 19. b3 a5 20. c4 bxc3 21.
Qxc3 Rb8 22. Qc5+ Qxc5 23. dxc5 a4 24. Kb2 axb3 25. a3 Na5 26. Rc1 Nc4+ 27.
Rxc4 Bxc4 28. Bxf5 Bd3 29. f3 Ke7 30. fxe4 Rhd8 31. c6 Rb5 32. Rc1 Bc2 33. Bf4
Rc5 34. Re1 Rxc6 35. Be5 Kf8 36. Bc3 g6 37. Bg4 Rd3 38. Bb4+ Kg7 39. e5 h5 40.
Bh3 Bd1 41. Bf1 Rc2+ 42. Kb1 Rd8 43. e6 Ra2 44. e7 Bc2+ 45. Kc1 Re8 46. Bb5
Ra1+ 47. Kd2 Rxe1 48. Kxe1 Rxe7+ 49. Bxe7 b2 {Normal} 0-1

[Event "Rated Blitz game"]
[Site "?"]
[Date "2021.10.19"]
[Round "?"]
[White "sdcpxadrez"]
[Black "GrandeGila"]
[Result "1-0"]
[WhiteElo "2562"]
[BlackElo "2595"]
[PlyCount "93"]
[EventDate "2021.??.??"]
[EventType "blitz"]

1. e4 e5 2. Nf3 d5 3. exd5 e4 4. Qe2 Nf6 5. d3 Qxd5 6. dxe4 Qxe4 7. Nc3 Bb4 8.
Bd2 Qxe2+ 9. Bxe2 O-O 10. O-O-O c6 11. h3 Re8 12. Bd3 Nbd7 13. g4 Nc5 14. Bc4
b5 15. Bb3 Be6 16. g5 Nh5 17. Bxe6 Nxe6 18. Ne5 Nd4 19. f4 Bxc3 20. Bxc3 Ne2+
21. Kd2 Nhxf4 22. Rhe1 Rad8+ 23. Ke3 Rxd1 24. Rxd1 Nxc3 25. bxc3 Nd5+ 26. Kd4
Nxc3 27. Kxc3 f6 28. Nxc6 fxg5 29. Rd8 Kf7 30. Rxe8 Kxe8 31. Nxa7 h5 32. Nxb5
Kd7 33. Kd4 h4 34. Ke5 g4 35. Nc3 gxh3 36. Nd1 g5 37. Kf5 h2 38. Nf2 h3 39.
Kxg5 h1=Q 40. Nxh1 h2 41. Kh4 Kc6 42. Kh3 Kc5 43. Kxh2 Kb4 44. Nf2 Kc3 45. Nd1+
Kxc2 46. a4 Kxd1 47. a5 {Normal} 1-0

[Event "Rated Blitz tournament Y5xC5pVX"]
[Site "?"]
[Date "2021.10.19"]
[Round "?"]
[White "lyxxj"]
[Black "Cotomatamoros"]
[Result "1-0"]
[WhiteElo "2569"]
[BlackElo "2215"]
[PlyCount "53"]
[EventDate "2021.??.??"]
[EventType "blitz"]

1. e4 e5 2. Nf3 d5 3. exd5 e4 4. Qe2 Nf6 5. d3 Bb4+ 6. c3 O-O 7. dxe4 Bd6 8.
Bg5 Re8 9. Nbd2 h6 10. Bh4 c6 11. dxc6 Nxc6 12. O-O-O Qa5 13. Nc4 Qxa2 14. Nxd6
Na5 15. Bxf6 Nb3+ 16. Kc2 Bd7 17. Nxe8 Ba4 18. Kd3 Rxe8 19. Bd4 Bb5+ 20. c4
Nxd4 21. Kxd4 Rd8+ 22. Ke3 Qb3+ 23. Rd3 Rxd3+ 24. Qxd3 Bxc4 25. Qxb3 Bxb3 26.
Bd3 b5 27. Rc1 {Normal} 1-0

[Event "Rated Blitz game"]
[Site "?"]
[Date "2021.10.19"]
[Round "?"]
[White "Gusar-sa_Lima"]
[Black "TyphoonRex"]
[Result "1/2-1/2"]
[WhiteElo "2422"]
[BlackElo "2269"]
[PlyCount "65"]
[EventDate "2021.??.??"]
[EventType "blitz"]

1. e4 e5 2. Nf3 d5 3. exd5 e4 4. Qe2 Nf6 5. d3 Qxd5 6. Nc3 Bb4 7. Bd2 Bxc3 8.
Bxc3 O-O 9. Nd2 exd3 10. Qxd3 Re8+ 11. Be2 Qxd3 12. cxd3 Nc6 13. Bxf6 gxf6 14.
Ne4 Kg7 15. g4 Nd4 16. Kd2 Nxe2 17. Kxe2 Bxg4+ 18. f3 f5 19. Rhg1 h5 20. fxg4
fxe4 21. gxh5+ Kh6 22. Raf1 exd3+ 23. Kxd3 Rad8+ 24. Kc2 Re2+ 25. Kc3 Rdd2 26.
Rf6+ Kxh5 27. Rxf7 Rc2+ 28. Kd3 Rcd2+ 29. Kc3 Rc2+ 30. Kd3 Rcd2+ 31. Kc4 Rc2+
32. Kd3 Rcd2+ 33. Kc3 {Normal} 1/2-1/2

[Event "Rated Blitz game"]
[Site "?"]
[Date "2021.10.19"]
[Round "?"]
[White "kostya_Z"]
[Black "superior2017"]
[Result "0-1"]
[WhiteElo "2407"]
[BlackElo "2452"]
[PlyCount "34"]
[EventDate "2021.??.??"]
[EventType "blitz"]

1. e4 e5 2. Nf3 d5 3. d4 dxe4 4. Nxe5 Bd6 5. Bf4 Nd7 6. Bc4 Nxe5 7. dxe5 Bb4+
8. Nd2 Qd4 9. c3 Qb6 10. cxb4 Qxb4 11. O-O Ne7 12. Qh5 Ng6 13. Be3 Qxb2 14. e6
fxe6 15. Rab1 Qc3 16. Rb3 Qa5 17. Nxe4 Qxh5 {Normal} 0-1

[Event "Rated Blitz game"]
[Site "?"]
[Date "2021.10.19"]
[Round "?"]
[White "fnunez"]
[Black "KamranShirazi"]
[Result "0-1"]
[WhiteElo "2424"]
[BlackElo "2583"]
[PlyCount "96"]
[EventDate "2021.??.??"]
[EventType "blitz"]

1. e4 e5 2. Nf3 d5 3. d4 dxe4 4. Nxe5 Nd7 5. f4 Nxe5 6. fxe5 Ne7 7. Bc4 Be6 8.
Bxe6 fxe6 9. c3 c5 10. O-O cxd4 11. cxd4 Nc6 12. Be3 Qb6 13. Nc3 O-O-O 14. Rc1
Kb8 15. Ne2 Nxe5 16. Bf4 Bd6 17. Kh1 Nd3 18. Bxd6+ Rxd6 19. Rc4 Nxb2 20. Qc2
Nxc4 21. Qxc4 Rc8 22. Qa4 Qc6 23. Qa3 e5 24. Qg3 exd4 25. Nxd4 Qa6 26. Nb5 Rcd8
27. Rd1 Qxb5 28. Rxd6 Rxd6 29. Qxd6+ Kc8 30. Qf8+ Kc7 31. Qxg7+ Qd7 32. Qc3+
Qc6 33. Qe5+ Kb6 34. Qb2+ Ka6 35. Qe2+ b5 36. h3 Qc4 37. Qh5 Qf1+ 38. Kh2 Qf4+
39. Kh1 h6 40. Qg6+ Ka5 41. Qc6 a6 42. a4 Qf1+ 43. Kh2 bxa4 44. Qc5+ Qb5 45.
Qc3+ Qb4 46. Qf6 Qb8+ 47. Kh1 Qb1+ 48. Kh2 Qb8+ {Time forfeit} 0-1

[Event "Rated Blitz tournament jt1iN5ZF"]
[Site "?"]
[Date "2021.10.19"]
[Round "?"]
[White "Yaryi_Sergey"]
[Black "Razario90"]
[Result "1-0"]
[WhiteElo "2358"]
[BlackElo "2411"]
[PlyCount "123"]
[EventDate "2021.??.??"]
[EventType "blitz"]

1. e4 e5 2. Nf3 d5 3. Nc3 dxe4 4. Nxe4 f5 5. Ng3 e4 6. Ne5 Qd5 7. d4 exd3 8.
Nxd3 Nf6 9. Bg5 Be7 10. Qe2 O-O 11. Qxe7 Re8 12. Bxf6 Rxe7+ 13. Bxe7 Qe6+ 14.
Kd2 Qxe7 15. Re1 Qd6 16. Re8+ Kf7 17. Rxc8 g6 18. h4 Qe6 19. Rxc7+ Nd7 20. h5
Qd6 21. hxg6+ hxg6 22. Rxd7+ Qxd7 23. Rh7+ Ke8 24. Rxd7 Kxd7 25. Ne5+ Kd6 26.
Nxg6 Ke6 27. Bd3 Rd8 28. Nxf5 Kf6 29. Nge7 Rd7 30. f4 b5 31. g4 b4 32. g5+ Ke6
33. Nc6 Rb7 34. Nfd4+ Kd5 35. g6 a5 36. Nxa5 Ra7 37. Ndc6 Rg7 38. f5 Kd6 39.
Nxb4 Ke5 40. c3 Kf6 41. Nd5+ Ke5 42. c4 Rg8 43. Nc6+ Kd6 44. Nd4 Ke5 45. Kc3
Rc8 46. f6 Rb8 47. f7 Rc8 48. g7 Rb8 49. f8=Q Rxf8 50. Nc6+ Kd6 51. gxf8=Q+
Kxc6 52. Qc8+ Kd6 53. c5+ Kxd5 54. Bc4+ Ke4 55. Qd7 Ke5 56. c6 Kf4 57. c7 Ke3
58. c8=Q Kf2 59. Qce8 Kf3 60. Qdf7+ Kg4 61. Qeg8+ Kh4 62. Qfh7# {Normal} 1-0

[Event "Rated Blitz game"]
[Site "?"]
[Date "2021.10.19"]
[Round "?"]
[White "sdcpxadrez"]
[Black "GrandeGila"]
[Result "0-1"]
[WhiteElo "2577"]
[BlackElo "2584"]
[PlyCount "36"]
[EventDate "2021.??.??"]
[EventType "blitz"]

1. e4 e5 2. Nf3 d5 3. exd5 e4 4. Qe2 Nf6 5. d3 Qxd5 6. dxe4 Qxe4 7. Nc3 Bb4 8.
Bd2 Qxe2+ 9. Bxe2 O-O 10. O-O-O c6 11. h3 Re8 12. Bd3 Nbd7 13. g4 Nc5 14. Bc4
b5 15. Bb3 Be6 16. g5 Nh5 17. Bxe6 Nxe6 18. Nd4 Nxd4 {Normal} 0-1

[Event "Rated Blitz game"]
[Site "?"]
[Date "2021.10.19"]
[Round "?"]
[White "ARandomMove"]
[Black "alaeldin1212"]
[Result "1-0"]
[WhiteElo "2461"]
[BlackElo "2422"]
[PlyCount "31"]
[EventDate "2021.??.??"]
[EventType "blitz"]

1. e4 e5 2. Nf3 d5 3. exd5 e4 4. Nd4 Qxd5 5. Nb3 Bd6 6. Nc3 Qe5 7. Be2 Nf6 8.
d4 exd3 9. Qxd3 Nc6 10. Be3 O-O 11. O-O-O Bf5 12. Qb5 Nb4 13. Nd4 a6 14. Qxe5
Bxe5 15. Nxf5 c5 16. Bxc5 {Normal} 1-0

[Event "Rated Rapid game"]
[Site "?"]
[Date "2021.10.19"]
[Round "?"]
[White "Chess-08"]
[Black "Mistrkoty"]
[Result "1/2-1/2"]
[WhiteElo "2417"]
[BlackElo "2404"]
[PlyCount "25"]
[EventDate "2021.??.??"]
[EventType "rapid"]

1. e4 e5 2. Nf3 d5 3. exd5 e4 4. Qe2 Nf6 5. Nc3 Be7 6. Nxe4 O-O 7. Nxf6+ Bxf6
8. Qd3 Re8+ 9. Be2 Qe7 10. Qe3 Qd8 11. Qd3 Qe7 12. Qe3 Qd8 13. Qd3 {Normal}
1/2-1/2

[Event "Rated Blitz game"]
[Site "?"]
[Date "2021.10.19"]
[Round "?"]
[White "MassterofMayhem"]
[Black "RiskyBlitzer"]
[Result "0-1"]
[WhiteElo "2691"]
[BlackElo "2521"]
[PlyCount "66"]
[EventDate "2021.??.??"]
[EventType "blitz"]

1. e4 e5 2. Nf3 d5 3. exd5 e4 4. Qe2 Nf6 5. d3 Be7 6. dxe4 O-O 7. Nc3 Re8 8.
Qc4 c6 9. Be3 b5 10. Qd3 b4 11. Na4 cxd5 12. e5 Ne4 13. O-O-O Be6 14. Nd4 Nd7
15. f4 Rb8 16. Nc6 Qc7 17. Nxe7+ Rxe7 18. Bd4 Qa5 19. b3 Bf5 20. Be2 Bg6 21. g3
Nec5 22. Qe3 Nxa4 23. bxa4 Qxa4 24. Qb3 Qa5 25. Bd3 Bh5 26. Rdf1 Rc8 27. f5 Nc5
28. Bxc5 Rxc5 29. f6 Rec7 30. e6 fxe6 31. fxg7 Bf7 32. Qb2 Rc3 33. Rxf7 Rxf7 {
Normal} 0-1

[Event "Rated Blitz game"]
[Site "?"]
[Date "2021.10.19"]
[Round "?"]
[White "Nmayorga92"]
[Black "emiliofelixramirez"]
[Result "1/2-1/2"]
[WhiteElo "2454"]
[BlackElo "2427"]
[PlyCount "136"]
[EventDate "2021.??.??"]
[EventType "blitz"]

1. e4 e5 2. Nf3 d5 3. exd5 e4 4. Ne5 Qxd5 5. d4 exd3 6. Nxd3 Nf6 7. Nc3 Qe6+ 8.
Qe2 Nc6 9. Bf4 Bd6 10. Bxd6 cxd6 11. O-O-O O-O 12. Qxe6 Bxe6 13. Nf4 Rad8 14.
Nxe6 fxe6 15. Bc4 d5 16. Bb3 Kf7 17. Rhe1 g6 18. f3 Rfe8 19. Nb5 a6 20. Nd4 Na5
21. h3 Nxb3+ 22. Nxb3 b6 23. g4 e5 24. Rd2 a5 25. Rde2 e4 26. Nd4 exf3 27. Nxf3
Rxe2 28. Rxe2 Re8 29. Ng5+ Kg8 30. Rf2 Kg7 31. b3 h6 32. Nf3 Ne4 33. Re2 Rf8
34. Nd4 Rf1+ 35. Kb2 Kf6 36. Re3 Ke5 37. Nc6+ Kf4 38. Rd3 Nf6 39. Ne7 Rf3 40.
Nxd5+ Nxd5 41. Rxd5 Rxh3 42. Rd6 h5 43. gxh5 gxh5 44. Rxb6 h4 45. Rb5 Re3 46.
Rxa5 h3 47. Rh5 Kg4 48. Rh8 Re5 49. a4 Rh5 50. Rd8 h2 51. Rd1 h1=Q 52. Rxh1
Rxh1 53. a5 Kf5 54. b4 Ke5 55. Kb3 Kd5 56. c4+ Kc6 57. b5+ Kc5 58. a6 Ra1 59.
Kc3 Ra3+ 60. Kb2 Ra4 61. Kb3 Rb4+ 62. Ka3 Rxc4 63. a7 Rc1 64. Kb2 Rc4 65. a8=Q
Kxb5 66. Qb7+ Kc5 67. Qc7+ Kb5 68. Qxc4+ Kxc4 {Normal} 1/2-1/2

[Event "Rated Blitz game"]
[Site "?"]
[Date "2021.10.19"]
[Round "?"]
[White "kiddy87"]
[Black "Annali-annaliew1979"]
[Result "0-1"]
[WhiteElo "2413"]
[BlackElo "2443"]
[PlyCount "51"]
[EventDate "2021.??.??"]
[EventType "blitz"]

1. e4 e5 2. Nf3 d5 3. Nxe5 Qe7 4. d4 f6 5. Nd3 Nc6 6. Nc3 dxe4 7. Nc5 f5 8. Bb5
a6 9. Bxc6+ bxc6 10. O-O Nf6 11. f3 e3 12. Bxe3 Qxe3+ 13. Kh1 Be7 14. Re1 Qf4
15. Qe2 Qd6 16. Rad1 Kf7 17. Qc4+ Kg6 18. Ne6 Nd5 19. Nxd5 cxd5 20. Qe2 Bf6 21.
g3 Bd7 22. Nf4+ Kf7 23. Qd3 Rhe8 24. c4 c6 25. cxd5 cxd5 26. Qb3 {Normal} 0-1

[Event "Rated Blitz game"]
[Site "?"]
[Date "2021.10.19"]
[Round "?"]
[White "Corrrnell"]
[Black "KamranShirazi"]
[Result "0-1"]
[WhiteElo "2445"]
[BlackElo "2565"]
[PlyCount "78"]
[EventDate "2021.??.??"]
[EventType "blitz"]

1. e4 e5 2. Nf3 d5 3. Nxe5 Bd6 4. d4 dxe4 5. Be2 Bxe5 6. dxe5 Qxd1+ 7. Bxd1 Nc6
8. Nc3 Bf5 9. Bf4 Nge7 10. O-O Ng6 11. Bg3 h5 12. h4 O-O-O 13. Re1 Nd4 14. Nxe4
Rhe8 15. Ng5 Bxc2 16. Bxh5 Rd5 17. Nxf7 Re7 18. Ng5 Nxe5 19. Rac1 g6 20. Bxe5
Rdxe5 21. Bg4+ Bf5 22. Rxe5 Rxe5 23. Bxf5+ Nxf5 24. Nf3 Re2 25. Re1 Rxb2 26.
Re8+ Kd7 27. Rg8 Rxa2 28. Rxg6 a5 29. h5 a4 30. Rg5 Ke6 31. Rg6+ Ke7 32. h6
Nxh6 33. Rxh6 a3 34. Kh2 Rxf2 35. Rh7+ Kd6 36. Nd4 a2 37. Nb3 Rb2 38. Na1 Rb1
39. Nb3 Rxb3 {Normal} 0-1

[Event "Rated Blitz game"]
[Site "?"]
[Date "2021.10.19"]
[Round "?"]
[White "Gubancs"]
[Black "Annali-annaliew1979"]
[Result "0-1"]
[WhiteElo "2504"]
[BlackElo "2421"]
[PlyCount "122"]
[EventDate "2021.??.??"]
[EventType "blitz"]

1. e4 e5 2. Nf3 d5 3. d4 dxe4 4. Nxe5 Bd6 5. Nc4 Nf6 6. Nc3 h6 7. h4 O-O 8. Be2
Nc6 9. g4 Bb4 10. Ne3 Qxd4 11. g5 Bxc3+ 12. bxc3 Qxd1+ 13. Bxd1 hxg5 14. hxg5
Nd7 15. Nd5 Nde5 16. Ba3 Rd8 17. Nxc7 Rb8 18. Nb5 a6 19. Nd6 Be6 20. Be2 Nf3+
21. Bxf3 exf3 22. c4 b5 23. cxb5 axb5 24. Bc5 Ne5 25. O-O-O Bxa2 26. Rde1 Nc4
27. Nf5 g6 28. Nh6+ Kg7 29. Re7 Na5 30. Kb2 Be6 31. Bb4 Nc4+ 32. Kc1 Rbc8 33.
Re1 Ra8 34. Bc3+ Kf8 35. R1xe6 fxe6 36. Bf6 Ra1+ 37. Bxa1 Kxe7 38. Bf6+ Ke8 39.
Bxd8 Kxd8 40. Ng4 Kd7 41. c3 Kd6 42. Kc2 Ne5 43. Nh2 Kd5 44. Kd2 Ke4 45. Nf1
Kf4 46. Ne3 Kxg5 47. c4 bxc4 48. Kc3 Kf4 49. Kd4 g5 50. Nf1 g4 51. Ng3 Nd3 52.
Nh5+ Kg5 53. Ng3 Nxf2 54. Kxc4 Kf4 55. Nh5+ Kg5 56. Ng3 Kh4 57. Ne4 g3 58. Kd4
Nxe4 59. Ke3 g2 60. Kxf3 g1=Q 61. Kf4 Qd4 {Time forfeit} 0-1

[Event "Rated Blitz game"]
[Site "?"]
[Date "2021.10.19"]
[Round "?"]
[White "WoodchuckCoodchuck"]
[Black "batasjon"]
[Result "0-1"]
[WhiteElo "2419"]
[BlackElo "2431"]
[PlyCount "41"]
[EventDate "2021.??.??"]
[EventType "blitz"]

1. e4 e5 2. Nf3 d5 3. d3 dxe4 4. dxe4 Qxd1+ 5. Kxd1 Nf6 6. Nbd2 Ng4 7. Ke2 Bc5
8. Nb3 Bb6 9. Be3 Nxe3 10. fxe3 f6 11. c4 Be6 12. Rc1 Nd7 13. Nbd2 a5 14. h4 g6
15. g3 Nc5 16. h5 g5 17. Rg1 Ke7 18. g4 Rhd8 19. Ne1 a4 20. Bg2 Ba5 21. Bf3 {
Normal} 0-1

[Event "Rated Blitz game"]
[Site "?"]
[Date "2021.10.19"]
[Round "?"]
[White "high12enough"]
[Black "elrond"]
[Result "0-1"]
[WhiteElo "2253"]
[BlackElo "2479"]
[PlyCount "22"]
[EventDate "2021.??.??"]
[EventType "blitz"]

1. e4 e5 2. Nf3 d5 3. Nxe5 dxe4 4. d4 Be6 5. Be2 Nf6 6. Bg5 c5 7. O-O Nc6 8.
Bb5 Rc8 9. Nc3 Qxd4 10. Qxd4 cxd4 11. Nxe4 Nxe4 {Normal} 0-1

[Event "Rated Blitz game"]
[Site "?"]
[Date "2021.10.19"]
[Round "?"]
[White "MIRHS"]
[Black "walodelpalo"]
[Result "1-0"]
[WhiteElo "2282"]
[BlackElo "2423"]
[PlyCount "79"]
[EventDate "2021.??.??"]
[EventType "blitz"]

1. e4 e5 2. Nf3 d5 3. d3 dxe4 4. dxe4 Qxd1+ 5. Kxd1 Nc6 6. c3 Bc5 7. Bb5 Bd7 8.
Rf1 O-O-O 9. Ke2 Nf6 10. Bg5 Nd4+ 11. Nxd4 exd4 12. Bxd7+ Rxd7 13. Bxf6 d3+ 14.
Kf3 gxf6 15. Nd2 Rg8 16. Nb3 Bb6 17. Rad1 Rg5 18. g4 h5 19. h3 Rd8 20. Nc1 Rh8
21. Nxd3 hxg4+ 22. hxg4 c5 23. Rh1 Rhg8 24. Rh4 c4 25. Nf4 Re5 26. Nd5 Bd8 27.
Rh6 Reg5 28. Ne3 Re5 29. Nxc4 Reg5 30. Ne3 Rb5 31. b3 Be7 32. c4 Rbg5 33. Nf5
Bc5 34. Rd5 b6 35. Rxf6 Rxg4 36. Rxf7 Rg1 37. Ne7+ Bxe7 38. Rxe7 Rf8+ 39. Rf5
Rd8 40. Rff7 {Time forfeit} 1-0

[Event "Rated Blitz game"]
[Site "?"]
[Date "2021.10.19"]
[Round "?"]
[White "Alongar2003"]
[Black "Annali-annaliew1979"]
[Result "1-0"]
[WhiteElo "2482"]
[BlackElo "2431"]
[PlyCount "97"]
[EventDate "2021.??.??"]
[EventType "blitz"]

1. e4 e5 2. Nf3 d5 3. exd5 e4 4. Nd4 c5 5. Nb3 f5 6. Nc3 Nf6 7. d3 Bd6 8. dxe4
fxe4 9. Bb5+ Nbd7 10. Bg5 O-O 11. Qd2 a6 12. Bxd7 Bxd7 13. O-O-O Qc7 14. Kb1
Rae8 15. Rde1 Bf5 16. h3 b5 17. g4 Bg6 18. Nd1 h6 19. Bh4 Bf4 20. Ne3 a5 21.
Qxa5 Qd6 22. Qxb5 Rc8 23. Bxf6 Qxf6 24. Qc4 Kh8 25. Nd2 Rb8 26. c3 Be5 27. Ka1
Qxf2 28. Re2 Qf4 29. Rhe1 Qf6 30. Nxe4 Bxe4 31. Qxe4 Bxc3 32. Nc4 Bxe1 33. Rxe1
Qf2 34. d6 Rbe8 35. Qxe8 Rxe8 36. Rxe8+ Kh7 37. b3 Qf1+ 38. Kb2 Qf7 39. Re7 Qf3
40. d7 Qf6+ 41. Re5 Qd8 42. Rd5 Qf6+ 43. Ka3 Qa6+ 44. Kb2 Qf6+ 45. Kc2 Qf2+ 46.
Rd2 Qf7 47. d8=Q Qg6+ 48. Qd3 Qxd3+ 49. Kxd3 {Normal} 1-0

[Event "Rated Blitz tournament TG7k1m7E"]
[Site "?"]
[Date "2021.10.19"]
[Round "?"]
[White "NFChess13"]
[Black "saranoz"]
[Result "1-0"]
[WhiteElo "2441"]
[BlackElo "2341"]
[PlyCount "59"]
[EventDate "2021.??.??"]
[EventType "blitz"]

1. e4 e5 2. Nf3 d5 3. Nxe5 Bd6 4. d4 dxe4 5. Nc3 Bxe5 6. dxe5 Qxd1+ 7. Nxd1 Nc6
8. Bf4 Nge7 9. Nc3 Ng6 10. Bg3 Bf5 11. O-O-O Ncxe5 12. Nd5 O-O-O 13. Bxe5 Nxe5
14. Ne7+ Kb8 15. Nxf5 Ng4 16. Rxd8+ Rxd8 17. Bc4 Nxf2 18. Rf1 Ng4 19. h3 Ne5
20. Be2 g6 21. Ne3 f5 22. g4 fxg4 23. hxg4 c6 24. Rh1 Rd7 25. Nc4 Nxc4 26. Bxc4
b5 27. Be2 Kc7 28. g5 Kd6 29. Rd1+ Ke6 30. Bg4+ {Normal} 1-0

[Event "Rated Blitz game"]
[Site "?"]
[Date "2021.10.19"]
[Round "?"]
[White "Tuzibaba"]
[Black "KamranShirazi"]
[Result "0-1"]
[WhiteElo "2551"]
[BlackElo "2597"]
[PlyCount "28"]
[EventDate "2021.??.??"]
[EventType "blitz"]

1. e4 e5 2. Nf3 d5 3. exd5 e4 4. Qe2 Nf6 5. d3 Bb4+ 6. c3 O-O 7. dxe4 Bc5 8.
Be3 Nxe4 9. Qc4 Re8 10. Bxc5 Nxc5+ 11. Be2 b6 12. Qf4 Qxd5 13. Nbd2 Ba6 14. c4
Nd3+ {Normal} 0-1

[Event "Rated Blitz game"]
[Site "?"]
[Date "2021.10.19"]
[Round "?"]
[White "Stabbilojunior"]
[Black "Annali-annaliew1979"]
[Result "1-0"]
[WhiteElo "2502"]
[BlackElo "2462"]
[PlyCount "34"]
[EventDate "2021.??.??"]
[EventType "blitz"]

1. e4 e5 2. Nf3 d5 3. exd5 e4 4. Qe2 f5 5. d3 Nf6 6. Bg5 Be7 7. Bxf6 Bxf6 8.
Nc3 O-O 9. dxe4 fxe4 10. Nxe4 Bxb2 11. Rb1 Bf6 12. Qc4 Kh8 13. Nxf6 Qxf6 14.
Be2 b5 15. Qxc7 Na6 16. Qc6 Rb8 17. Qxf6 Rf7 {Normal} 1-0

[Event "Rated Blitz game"]
[Site "?"]
[Date "2021.10.19"]
[Round "?"]
[White "bjmdc"]
[Black "Annali-annaliew1979"]
[Result "1-0"]
[WhiteElo "2471"]
[BlackElo "2437"]
[PlyCount "42"]
[EventDate "2021.??.??"]
[EventType "blitz"]

1. e4 e5 2. Nf3 d5 3. Nxe5 Qe7 4. d4 f6 5. Nd3 Nc6 6. c3 Bf5 7. Be2 Bxe4 8. O-O
Qf7 9. Nc5 Bxc5 10. dxc5 Nge7 11. Bf4 O-O-O 12. Nd2 g5 13. Bg3 h5 14. Qb3 Qg6
15. Nxe4 dxe4 16. f3 h4 17. Bf2 h3 18. g3 Nd5 19. Rad1 e3 20. Rxd5 exf2+ 21.
Kxf2 Qe4 {Normal} 1-0